000 02600cam a2200325 4500500
005 20251228050259.0
041 _afre
042 _adc
100 1 0 _aGanjipour, Anoush
_eauthor
245 0 0 _aLa pensée politique islamique et l’idée de société moderne
260 _c2019.
500 _a96
520 _aSi la pensée politique en islam est née une première fois à travers la traduction/appropriation de la philosophie politique grecque, on peut dire que c’est à partir d’un geste analogue qu’elle a voulu se renouveler au XIXe siècle lors de sa rencontre avec la pensée sociale et politique moderne. De façon en apparence paradoxale, ce nouveau « mouvement de traduction » est le moment originaire pour la modernisation de l’islam et pour sa politisation contemporaine. En remontant à ce tournant majeur de la pensée politique islamique, cet article essaie de retracer la trajectoire théorique à travers laquelle les penseurs réformistes cherchaient à restructurer l’islam autour d’une nouvelle fonction théologico-politique confiée à la sharia pour faire de cette religion une « religion politique », c’est-à-dire une religion précisément moderne
520 _aIf political thought was first born in Islamic tradition through the translation/appropriation of Greek political philosophy, we can arguably suppose that it undertook an analogous process in the nineteenth century when it encountered modern social and political thought. In an apparently paradoxical way, this new “translation movement” marked the initial moment of the modernization of Islam and its contemporary politicization. By focusing on this major turning-point in Islamic political thought, the present paper attempts to track the theoretical path through which Islamic reformists aimed to restructure Islam by conferring a new theological-political function onto Sharia law and, in so doing, to transform this religion into a “political religion,” i. e., a precisely modern religion.
690 _aCritique
690 _aModernité
690 _aPensée politique
690 _aRéforme islamique
690 _aReligion politique
690 _aSharia
690 _aCriticism
690 _aIslamic reform
690 _aKeywords
690 _aModernity
690 _aPolitical religion
690 _aPolitical thought
690 _aSharia
786 0 _nArchives de philosophie | 82 | 4 | 2019-10-23 | p. 729-748 | 0003-9632
856 4 1 _uhttps://shs.cairn.info/revue-archives-de-philosophie-2019-4-page-729?lang=fr&redirect-ssocas=7080
999 _c1580339
_d1580339